| 000 | 00647nam a2200241 a 4500 | ||
|---|---|---|---|
| 001 | 0001-1289 | ||
| 003 | ELIB.Books | ||
| 008 | 150702 2010 eng | ||
| 020 | _a1576752895 | ||
| 035 | _a(ELIB.Books)0001-1444 | ||
| 092 |
_a658.4 _bBla |
||
| 100 | _aBlanchard, Ken. | ||
| 245 |
_aThe Secret: _bWhat Great Leaders Know and Do |
||
| 260 |
_aSan Francisso _bBK: Berrett- Koehler Publishing, Inc. _c2004 |
||
| 300 |
_a124 _c22 Cm |
||
| 500 | _aLibrary | ||
| 650 | _aLeadership/ Management | ||
| 856 |
_nKBTS: Library _uKBTS: Elib |
||
| 942 |
_2ddc _cBK |
||
| 990 | _a1 | ||
| 998 |
_cbat _e2015-07-02 |
||
| 999 |
_c11289 _d11289 |
||